[Event "Scarborough CC LH Summer op"]
[Site "Toronto CAN"]
[Date "2010.05.13"]
[Round "2"]
[White "Moysoski, Randy"]
[Black "Morra, Lui"]
[Result "0-1"]
[WhiteElo "1955"]
[BlackElo "1706"]
[PlyCount "95"]
[EventDate "2010.04.29"]
[EventType "swiss"]
[EventRounds "8"]
[EventCountry "CAN"]

1. e4 c5 2. Nc3 Nc6 3. g3 Nf6 4. Bg2 d6 5. d3 Bg4 6. f3 Bd7 7. Bg5 e6 8. Qd2
Be7 9. Nh3 a6 10. Nf2 b5 11. O-O O-O 12. Rae1 b4 13. Ne2 e5 14. c3 a5 15. g4
Qb6 16. Be3 Qb7 17. Ng3 g6 18. Bh6 Rfd8 19. c4 Kh8 20. h3 Nd4 21. Be3 a4 22.
Rb1 b3 23. a3 Be6 24. f4 Nc2 25. f5 Bc8 26. Bg5 Rg8 27. Nd1 Ne8 28. Bh6 Bh4 29.
Kh2 Qe7 30. fxg6 Rxg6 31. Nf5 Bxf5 32. Rxf5 Ng7 33. Bxg7+ Rxg7 34. Nc3 Bg5 35.
Qf2 Bf4+ 36. Kh1 Ne3 37. Rh5 Rag8 38. Nd5 Nxd5 39. exd5 Rg5 40. Rxg5 Qxg5 41.
Bf3 Rg6 42. h4 Rh6 43. h5 f5 44. gxf5 Bg3 45. Qg2 Qh4+ 46. Kg1 Rf6 47. Be4 Qf4
48. Qf3 0-1

[Event "Scarborough CC LH Summer op"]
[Site "Toronto CAN"]
[Date "2010.05.13"]
[Round "2"]
[White "Pedersen, Rune"]
[Black "Bzikot, Robert"]
[Result "1-0"]
[WhiteElo "2340"]
[BlackElo "1943"]
[PlyCount "43"]
[EventDate "2010.04.29"]
[EventType "swiss"]
[EventRounds "8"]
[EventCountry "CAN"]

1. Nf3 f5 2. d4 Nf6 3. g3 g6 4. Bg2 Bg7 5. O-O d6 6. c4 O-O 7. Nc3 c6 8. Qd3
Kh8 9. b3 Qe8 10. Ba3 Na6 11. Rad1 Qd8 12. b4 Nc7 13. Rb1 Ne4 14. Rfd1 Nxc3 15.
Qxc3 Qe8 16. Qd2 Be6 17. d5 cxd5 18. Ng5 Bg8 19. cxd5 h6 20. Nh3 Rc8 21. Bb2
Qf7 22. Qxh6+ 1-0

[Event "Scarborough CC LH Summer op"]
[Site "Toronto CAN"]
[Date "2010.05.13"]
[Round "2"]
[White "Peng, Bill"]
[Black "Paterson, Jim"]
[Result "1-0"]
[WhiteElo "2186"]
[BlackElo "1852"]
[PlyCount "61"]
[EventDate "2010.04.29"]
[EventType "swiss"]
[EventRounds "8"]
[EventCountry "CAN"]

1. e4 Nf6 2. Nc3 d6 3. d4 Nbd7 4. f4 e5 5. Nf3 exd4 6. Qxd4 Be7 7. Be2 O-O 8.
h3 c6 9. g4 Qb6 10. g5 Nh5 11. Rg1 g6 12. f5 Ne5 13. Qxb6 axb6 14. Nxe5 dxe5
15. Bxh5 gxh5 16. Be3 b5 17. a4 Bb4 18. Kf2 Bxc3 19. bxc3 Rxa4 20. Rxa4 bxa4
21. Rd1 Kg7 22. Kg3 Rg8 23. Kh4 f6 24. Kxh5 fxg5 25. Bxg5 Kf7 26. h4 h6 27.
Bxh6 Rg2 28. Rd8 Bxf5 29. exf5 Rxc2 30. Bg5 b5 31. Rd7+ 1-0

[Event "Scarborough CC LH Summer op"]
[Site "Toronto CAN"]
[Date "2010.05.13"]
[Round "2"]
[White "Ward, Dean"]
[Black "Bao, Stephen"]
[Result "1/2-1/2"]
[WhiteElo "1840"]
[BlackElo "1684"]
[PlyCount "46"]
[EventDate "2010.04.29"]
[EventType "swiss"]
[EventRounds "8"]
[EventCountry "CAN"]

1. d4 Nf6 2. Nf3 d5 3. e3 c6 4. Bd3 Bg4 5. h3 Bh5 6. g4 Bg6 7. Bxg6 hxg6 8. Ne5
Nbd7 9. f4 Ne4 10. Qf3 e6 11. g5 Nxe5 12. dxe5 Qb6 13. Nd2 Nxd2 14. Kxd2 O-O-O
15. c3 c5 16. Kc2 c4 17. b4 a5 18. a3 a4 19. Qd1 Qc6 20. Bd2 b5 21. Kb2 Be7 22.
Qg4 Kb7 23. h4 Rh5 1/2-1/2

[Event "Scarborough CC LH Summer op"]
[Site "Toronto CAN"]
[Date "2010.05.20"]
[Round "3"]
[White "Al Ganabi, Zaidun"]
[Black "Bellissimo, Joseph"]
[Result "0-1"]
[WhiteElo "1520"]
[BlackElo "1828"]
[PlyCount "42"]
[EventDate "2010.04.29"]
[EventType "swiss"]
[EventRounds "8"]
[EventCountry "CAN"]

1. d4 Nf6 2. c4 e6 3. Nf3 d5 4. e3 c6 5. Bd3 Bd6 6. Nc3 Nbd7 7. Qc2 O-O 8. O-O
Re8 9. Re1 e5 10. dxe5 Nxe5 11. Nxe5 Bxe5 12. cxd5 cxd5 13. Bd2 Bd7 14. f4 Bc7
15. e4 Bb6+ 16. Kh1 Ng4 17. h3 Nf2+ 18. Kh2 Qh4 19. Bf1 Ng4+ 20. Kh1 Qg3 21.
hxg4 Qh4# 0-1

[Event "Scarborough CC LH Summer op"]
[Site "Toronto CAN"]
[Date "2010.05.20"]
[Round "3"]
[White "Azizi, Hamid"]
[Black "Hahnewald, Uwe"]
[Result "0-1"]
[WhiteElo "1556"]
[BlackElo "1871"]
[PlyCount "88"]
[EventDate "2010.04.29"]
[EventType "swiss"]
[EventRounds "8"]
[EventCountry "CAN"]

1. e4 c5 2. Nf3 Nc6 3. Bb5 g6 4. Bxc6 dxc6 5. d3 Bg7 6. O-O Nf6 7. Nbd2 O-O 8.
Ne5 Nh5 9. Ndf3 Qc7 10. Nc4 b5 11. Ncd2 Bg4 12. Re1 Nf4 13. Nf1 Rad8 14. Rb1 c4
15. h3 Bc8 16. Bxf4 Qxf4 17. e5 cxd3 18. cxd3 Bf5 19. Re3 Bh6 20. Qb3 Be6 21.
Qa3 Qa4 22. Qxe7 Bxe3 23. Nxe3 Rd7 24. Qf6 Qb4 25. Qg5 Rfd8 26. Qh6 Qf8 27. Qh4
Rxd3 28. Ng5 Qg7 29. b3 R3d4 30. f4 Rd2 31. Rc1 Bd7 32. e6 Bxe6 33. Rxc6 Bd5
34. Rc7 h6 35. Nxd5 Qd4+ 36. Kh2 Qxd5 37. Nf3 Rxa2 38. Qxh6 Qxf3 39. Qg5 Qd5
40. Rc5 Qxg5 41. Rxg5 Rb2 42. h4 Rxb3 43. h5 Kg7 44. hxg6 fxg6 0-1

[Event "Scarborough CC LH Summer op"]
[Site "Toronto CAN"]
[Date "2010.05.20"]
[Round "3"]
[White "Azmitia, Gabriel"]
[Black "Karmalkar, Vilas"]
[Result "0-1"]
[WhiteElo "1618"]
[BlackElo "1746"]
[PlyCount "90"]
[EventDate "2010.04.29"]
[EventType "swiss"]
[EventRounds "8"]
[EventCountry "CAN"]

1. Nf3 g6 2. d4 d6 3. e3 Bg7 4. c4 Nf6 5. Bd3 O-O 6. O-O Nbd7 7. Nbd2 e5 8. d5
Nc5 9. Bc2 a5 10. a3 e4 11. Ne1 Bg4 12. f3 exf3 13. Nexf3 Qd7 14. Re1 Rfe8 15.
Nf1 Nfe4 16. Rb1 a4 17. Bd2 Ng5 18. Bb4 Nce4 19. Bxe4 Rxe4 20. Ng3 f5 21. Nxe4
fxe4 22. Rf1 exf3 23. gxf3 Bh5 24. Be1 Qh3 25. Bg3 Be5 26. Rf2 Bxg3 27. hxg3
Qxg3+ 28. Rg2 Nxf3+ 29. Qxf3 Qxf3 30. Rf1 Qxe3+ 31. Kh2 Re8 32. Rff2 Qh6 33.
Kg1 Qe3 34. Kh2 Bg4 35. Rf4 Qh3+ 36. Kg1 Re2 37. Rf8+ Kg7 38. Rf7+ Kh6 39. Rff2
Rxf2 40. Rxf2 Kg7 41. c5 h5 42. cxd6 cxd6 43. b3 axb3 44. a4 Bf3 45. Rf1 Qg2#
0-1

[Event "Scarborough CC LH Summer op"]
[Site "Toronto CAN"]
[Date "2010.05.20"]
[Round "3"]
[White "Bao, Stephen"]
[Black "Cale, Ferdinand"]
[Result "1/2-1/2"]
[WhiteElo "1684"]
[BlackElo "1784"]
[PlyCount "99"]
[EventDate "2010.04.29"]
[EventType "swiss"]
[EventRounds "8"]
[EventCountry "CAN"]

1. e4 b6 2. d4 d6 3. c4 Bb7 4. Nc3 Nd7 5. Nf3 e6 6. Bd3 c5 7. d5 e5 8. O-O h6
9. Nd2 g5 10. Ne2 Ne7 11. Ng3 Nf6 12. Qa4+ Qd7 13. Qxd7+ Nxd7 14. Nh5 Ng8 15.
Ng3 Ne7 16. Nf3 Nf6 17. Bd2 a5 18. a3 Bg7 19. b4 axb4 20. axb4 O-O 21. b5 Rxa1
22. Rxa1 Ra8 23. Rxa8+ Bxa8 24. h3 Bb7 25. Ne1 Bc8 26. Bc2 Bd7 27. Nd3 Kh7 28.
Nb2 Kg6 29. Na4 Nc8 30. f3 Nh5 31. Nxh5 Kxh5 32. g4+ Kg6 33. Kg2 Bf6 34. Nc3
Bd8 35. Ne2 h5 36. Ng3 h4 37. Nf5 Bxf5 38. gxf5+ Kg7 39. Bd3 Kh6 40. Bc2 Ne7
41. Bd3 Ng8 42. Kh2 Nf6 43. Be3 Nh5 44. Bf1 Ng3 45. Bd3 Kh5 46. Bf2 Bf6 47.
Bxg3 hxg3+ 48. Kxg3 Be7 49. Be2 Kh6 50. Kg4 1/2-1/2

[Event "Scarborough CC LH Summer op"]
[Site "Toronto CAN"]
[Date "2010.05.20"]
[Round "3"]
[White "Bellomo, Joe"]
[Black "Al Ganabi, Yasir"]
[Result "1-0"]
[WhiteElo "1742"]
[BlackElo "1364"]
[PlyCount "157"]
[EventDate "2010.04.29"]
[EventType "swiss"]
[EventRounds "8"]
[EventCountry "CAN"]

1. e4 e5 2. Nf3 Nc6 3. Bb5 d6 4. O-O Nf6 5. Re1 Bd7 6. c3 a6 7. Ba4 Be7 8. d4
b5 9. Bc2 Bg4 10. d5 Bxf3 11. Qxf3 Na5 12. Nd2 Rc8 13. a4 c5 14. axb5 axb5 15.
Qe2 c4 16. b4 Nb7 17. Nf3 h6 18. Bd2 O-O 19. h3 Ra8 20. Qe3 Qc7 21. Nh4 Rfc8
22. Nf5 Bf8 23. Qg3 Kh7 24. Qf3 g6 25. Nxh6 Bxh6 26. Bxh6 Kxh6 27. Qxf6 Qd7 28.
g4 Kh7 29. Kg2 Kg8 30. Qh4 Kg7 31. Qg3 g5 32. Qe3 Kg6 33. Qf3 Rh8 34. Qf5+ Qxf5
35. exf5+ Kf6 36. Kg3 Ke7 37. Rh1 f6 38. Kf3 Kf7 39. Kg2 Kg7 40. Rhb1 Kf7 41.
Bd1 Ke7 42. Bf3 Rhc8 43. Kg3 Rh8 44. Bg2 Kf7 45. Kf3 Ke7 46. Ke3 Kf7 47. Kd2
Ke7 48. Kc2 Kd7 49. Kb2 Kc7 50. Re1 Kd7 51. Rxa8 Rxa8 52. f4 Re8 53. fxe5 Rxe5
54. Rxe5 fxe5 55. Kc2 Ke7 56. Kd2 Kf6 57. Ke3 Nd8 58. Bf3 Nf7 59. Be2 Kg7 60.
Kd2 Kf6 61. Ke3 Kg7 62. Ke4 Kf6 63. Bf1 Kg7 64. Ke3 Kf6 65. Kd2 Kg7 66. Kc2 Kf6
67. Kb2 Kg7 68. Ka3 Kf6 69. Bxc4 bxc4 70. Ka4 Ke7 71. Kb5 Nd8 72. Kxc4 Kf6 73.
Kb5 e4 74. Ka6 Ke5 75. b5 Kxd5 76. b6 Kc5 77. b7 Nxb7 78. Kxb7 Kc4 79. f6 1-0

[Event "Scarborough CC LH Summer op"]
[Site "Toronto CAN"]
[Date "2010.05.20"]
[Round "3"]
[White "Corvo, Paul"]
[Black "Pedersen, Rune"]
[Result "0-1"]
[WhiteElo "1820"]
[BlackElo "2340"]
[PlyCount "40"]
[EventDate "2010.04.29"]
[EventType "swiss"]
[EventRounds "8"]
[EventCountry "CAN"]

1. e4 c5 2. Nf3 Nc6 3. d4 cxd4 4. Nxd4 g6 5. c3 Bg7 6. Bc4 Nf6 7. Qe2 O-O 8.
O-O d5 9. exd5 Nxd4 10. cxd4 Nxd5 11. Be3 Be6 12. Nc3 Rc8 13. Rfc1 Rxc4 14.
Qxc4 Nxe3 15. Qb4 Qxd4 16. Qxb7 Ng4 17. Qf3 Qd6 18. g3 Ne5 19. Qb7 Rb8 20. Qe4
Bg4 0-1

[Event "Scarborough CC LH Summer op"]
[Site "Toronto CAN"]
[Date "2010.05.20"]
[Round "3"]
[White "Graham, John"]
[Black "Zhou, Kevin"]
[Result "1/2-1/2"]
[WhiteElo "1483"]
[BlackElo "1879"]
[PlyCount "90"]
[EventDate "2010.04.29"]
[EventType "swiss"]
[EventRounds "8"]
[EventCountry "CAN"]

1. c4 Nf6 2. Nf3 g6 3. d4 Bg7 4. Nc3 d6 5. g3 O-O 6. Bg2 c5 7. dxc5 dxc5 8. O-O
Nc6 9. Bf4 Be6 10. b3 Nh5 11. Bd2 Qc7 12. Nb5 Qb6 13. Rc1 Rad8 14. Qc2 a6 15.
Na3 Nb4 16. Bxb4 Qxb4 17. Nb1 Bd7 18. Nc3 Bc6 19. Rfd1 Bxc3 20. Rxd8 Rxd8 21.
Qxc3 Rd1+ 22. Bf1 Qxc3 23. Rxc3 Bd7 24. Rd3 Rxd3 25. exd3 Bg4 26. Kg2 Kg7 27.
h3 Bxf3+ 28. Kxf3 Kf6 29. Ke4 Ke6 30. d4 Nf6+ 31. Ke3 Kd6 32. Bg2 b6 33. a3 a5
34. dxc5+ Kxc5 35. Kd3 e5 36. Bb7 Ne8 37. Bd5 Nd6 38. f3 b5 39. g4 bxc4+ 40.
bxc4 g5 41. Kc3 a4 42. Kd3 f6 43. Be6 Kb6 44. Bd5 Kc5 45. Kc3 Ne8 1/2-1/2

[Event "Scarborough CC LH Summer op"]
[Site "Toronto CAN"]
[Date "2010.05.20"]
[Round "3"]
[White "Hall, John"]
[Black "Picana, Andrew"]
[Result "0-1"]
[WhiteElo "2238"]
[BlackElo "2114"]
[PlyCount "76"]
[EventDate "2010.04.29"]
[EventType "swiss"]
[EventRounds "8"]
[EventCountry "CAN"]

1. d4 e6 2. e4 d5 3. Nd2 c5 4. Ngf3 cxd4 5. Nxd4 Nf6 6. e5 Nfd7 7. N2f3 Nc6 8.
Nxc6 bxc6 9. Bd3 Qa5+ 10. c3 Qc7 11. Qe2 a5 12. O-O Nc5 13. Re1 Nxd3 14. Qxd3
Be7 15. Bg5 h6 16. Bxe7 Qxe7 17. Qd4 O-O 18. b4 axb4 19. cxb4 Ra4 20. a3 Bb7
21. Nd2 Rfa8 22. Qb2 Ba6 23. Nb3 Bc4 24. Nc5 R4a7 25. Qc3 Bb5 26. f4 g6 27. Re3
Qh4 28. g3 Qh3 29. Qb2 Kh7 30. Qc1 h5 31. a4 Kg7 32. Rea3 Be2 33. Qd2 Bc4 34.
Qd1 Qf5 35. Kg2 h4 36. Qb1 h3+ 37. Kf2 Qh5 38. Qd1 Qh6 0-1

[Event "Scarborough CC LH Summer op"]
[Site "Toronto CAN"]
[Date "2010.05.20"]
[Round "3"]
[White "Jizan, Masoud"]
[Black "Moran-Venegas, Mario"]
[Result "1/2-1/2"]
[WhiteElo "1772"]
[BlackElo "1722"]
[PlyCount "62"]
[EventDate "2010.04.29"]
[EventType "swiss"]
[EventRounds "8"]
[EventCountry "CAN"]

1. e4 e5 2. f4 exf4 3. Nf3 d6 4. d4 Nc6 5. Bc4 Be7 6. Bxf4 Nf6 7. Nc3 O-O 8.
O-O a6 9. a4 b6 10. Qd2 Bb7 11. Rae1 Nh5 12. Bg5 Nf6 13. Bd3 Nb4 14. Bc4 Nc6
15. Nd5 Nxd5 16. Bxd5 Na5 17. Ba2 Bc8 18. b4 Nb7 19. Bxe7 Qxe7 20. e5 Be6 21.
exd6 Qxd6 22. d5 Bd7 23. Bb3 Rae8 24. Qd3 Qxb4 25. Rxe8 Bxe8 26. Ne5 Qh4 27.
Nf3 Qe7 28. Re1 Qd6 29. Qxa6 Nc5 30. Qe2 Nxb3 31. cxb3 f6 1/2-1/2

[Event "Scarborough CC LH Summer op"]
[Site "Toronto CAN"]
[Date "2010.05.20"]
[Round "3"]
[White "Kurkowski, Ken"]
[Black "Ward, Dean"]
[Result "0-1"]
[WhiteElo "1630"]
[BlackElo "1840"]
[PlyCount "68"]
[EventDate "2010.04.29"]
[EventType "swiss"]
[EventRounds "8"]
[EventCountry "CAN"]

1. d4 d5 2. c4 c6 3. Nf3 dxc4 4. e3 b5 5. a4 Bb7 6. b3 cxb3 7. Qxb3 a6 8. Be2
e6 9. O-O Bd6 10. Ba3 Nf6 11. Nbd2 O-O 12. Rfd1 Qe7 13. Bxd6 Qxd6 14. e4 Qe7
15. Rac1 Nbd7 16. Bd3 Nb6 17. a5 Na4 18. e5 Nd5 19. Ne4 Rab8 20. Nd6 Ba8 21.
Nd2 Qd8 22. N2e4 Qxa5 23. Nc5 Nxc5 24. Rxc5 Qb6 25. Ra1 Nf4 26. Qc2 Nxd3 27.
Qxd3 a5 28. Qa3 a4 29. Rb1 Qd8 30. Qb4 f6 31. Ne4 fxe5 32. Rxe5 Qe8 33. Ng5 Qg6
34. Qc5 Qxb1+ 0-1

[Event "Scarborough CC LH Summer op"]
[Site "Toronto CAN"]
[Date "2010.05.20"]
[Round "3"]
[White "Lin, Tony (Juntao)"]
[Black "Al Ganabi, Haqi"]
[Result "0-1"]
[WhiteElo "1780"]
[BlackElo "1965"]
[PlyCount "57"]
[EventDate "2010.04.29"]
[EventType "swiss"]
[EventRounds "8"]
[EventCountry "CAN"]

1. e4 e6 2. d4 d5 3. Nc3 Nf6 4. Bg5 Be7 5. e5 Nfd7 6. Bxe7 Qxe7 7. Qh5 a6 8.
Nf3 c5 9. Bd3 Nc6 10. O-O cxd4 11. Ne2 g6 12. Qh6 Qf8 13. Qf4 Qg7 14. Nexd4
Ncxe5 15. Nxe5 Nxe5 16. Rfe1 Nxd3 17. cxd3 O-O 18. Rac1 Re8 19. Qe5 Qxe5 20.
Rxe5 Bd7 21. f4 Rac8 22. Ree1 Rxc1 23. Rxc1 Rc8 24. Rxc8+ Bxc8 25. Kf2 f6 26.
Kf3 Kf7 27. Ke3 Ke7 28. b4 Kd6 29. Kd2 0-1

[Event "Scarborough CC LH Summer op"]
[Site "Toronto CAN"]
[Date "2010.05.20"]
[Round "3"]
[White "Manalo, Pepin"]
[Black "Gillis, Doug"]
[Result "1-0"]
[WhiteElo "1879"]
[BlackElo "1633"]
[PlyCount "67"]
[EventDate "2010.04.29"]
[EventType "swiss"]
[EventRounds "8"]
[EventCountry "CAN"]

1. e4 e6 2. Nf3 d5 3. Nc3 Nf6 4. e5 Nfd7 5. g3 c5 6. Bg2 Nc6 7. Qe2 Qc7 8. Nb5
Qb8 9. d4 a6 10. Nd6+ Bxd6 11. exd6 Qxd6 12. Bf4 Qe7 13. dxc5 Qxc5 14. O-O Nd4
15. Nxd4 Qxd4 16. c3 Qb6 17. Bxd5 O-O 18. Be3 Qd8 19. Bg2 Nf6 20. Rad1 Qa5 21.
b4 Qe5 22. Qc2 Nd5 23. Bd4 Qc7 24. a3 Bd7 25. Rfe1 a5 26. c4 axb4 27. axb4 Ba4
28. Qe2 Bxd1 29. Rxd1 Nxb4 30. Be5 Qc8 31. Qg4 g6 32. Bf6 h5 33. Qg5 Kh7 34.
Be4 1-0

[Event "Scarborough CC LH Summer op"]
[Site "Toronto CAN"]
[Date "2010.05.20"]
[Round "3"]
[White "Morra, Lui"]
[Black "Ferreira, Alex"]
[Result "0-1"]
[WhiteElo "1706"]
[BlackElo "2067"]
[PlyCount "91"]
[EventDate "2010.04.29"]
[EventType "swiss"]
[EventRounds "8"]
[EventCountry "CAN"]

1. e4 d5 2. exd5 Nf6 3. c4 c6 4. dxc6 Nxc6 5. Nf3 e5 6. d3 e4 7. dxe4 Qxd1+ 8.
Kxd1 Nxe4 9. Be3 Bf5 10. a3 O-O-O+ 11. Ke1 Bc5 12. b4 Bxe3 13. fxe3 Rhe8 14.
Be2 Nf6 15. b5 Na5 16. Nd4 Bxb1 17. Rxb1 Rxe3 18. Nf5 Rxa3 19. Nxg7 Ne4 20. Rf1
Nd2 21. Bg4+ Kb8 22. Rd1 Re3+ 23. Kf2 Re5 24. Kg3 Nxf1+ 25. Rxf1 Rd3+ 26. Kh4
Nxc4 27. Rxf7 Ne3 28. Rf8+ Kc7 29. Rh8 h5 30. Nxh5 Nf5+ 31. Kg5 Ne3+ 32. Kf4
Nxg4 33. Kxg4 Rxb5 34. Nf4 Rd4 35. h4 Re4 36. h5 Ree5 37. h6 Rg5+ 38. Kh4 Rgf5
39. g3 Rb6 40. Kg4 Re5 41. h7 Rh6 42. Nd3 Re7 43. Nf4 Rexh7 44. Rf8 Rd6 45. Kf5
Rg7 46. g4 0-1

[Event "Scarborough CC LH Summer op"]
[Site "Toronto CAN"]
[Date "2010.05.20"]
[Round "3"]
[White "Paterson, Jim"]
[Black "Casareno, Erwin"]
[Result "1/2-1/2"]
[WhiteElo "1852"]
[BlackElo "2156"]
[PlyCount "120"]
[EventDate "2010.04.29"]
[EventType "swiss"]
[EventRounds "8"]
[EventCountry "CAN"]

1. e3 d5 2. f4 Nc6 3. Nf3 Nf6 4. b3 Bf5 5. Bb5 a6 6. Bxc6+ bxc6 7. O-O e6 8.
Ne5 c5 9. Ba3 Bd6 10. d4 Qe7 11. Nc6 Qd7 12. Ne5 Qb5 13. c4 Qb6 14. Bxc5 Bxc5
15. dxc5 Qxc5 16. Qd4 Qd6 17. c5 Qe7 18. Nc3 O-O 19. b4 Ne4 20. Rfd1 Qh4 21.
Rf1 f6 22. Nf3 Qh5 23. a4 c6 24. Ra2 Rfc8 25. Rfa1 Nxc3 26. Qxc3 Be4 27. Nd2
Qg6 28. Nxe4 Qxe4 29. Rb2 e5 30. fxe5 fxe5 31. Rf1 Rf8 32. Rbf2 Rxf2 33. Rxf2
Rb8 34. Rb2 h6 35. h3 Kh8 36. Qd2 Qc4 37. Kf2 Rf8+ 38. Kg1 h5 39. Qe2 Qc1+ 40.
Kh2 g6 41. b5 axb5 42. axb5 Qxc5 43. bxc6 Qxc6 44. Rc2 Qd6 45. Kg1 d4 46. Rd2
Qc5 47. exd4 exd4 48. Qd3 Qc1+ 49. Rd1 Qe3+ 50. Qxe3 dxe3 51. Re1 Re8 52. Kh2
Kg7 53. Kg3 Kf6 54. Kf3 Kg5 55. g3 h4 56. Re2 Re7 57. g4 Re8 58. Rxe3 Rf8+ 59.
Kg2 Rf4 60. Re5+ Kf6 1/2-1/2

[Event "Scarborough CC LH Summer op"]
[Site "Toronto CAN"]
[Date "2010.05.20"]
[Round "3"]
[White "Radpey, Abdolreza"]
[Black "Conte, Mike"]
[Result "1-0"]
[WhiteElo "1587"]
[BlackElo "1907"]
[PlyCount "102"]
[EventDate "2010.04.29"]
[EventType "swiss"]
[EventRounds "8"]
[EventCountry "CAN"]

1. Nf3 d5 2. d4 Nf6 3. c4 c5 4. dxc5 Qa5+ 5. Nc3 dxc4 6. Qa4+ Qxa4 7. Nxa4 Nc6
8. a3 Bd7 9. Bf4 Nh5 10. Bg3 Nxg3 11. hxg3 e6 12. e3 Na5 13. Nc3 Bxc5 14. Ne5
b5 15. Nxd7 Kxd7 16. O-O-O+ Kc6 17. Be2 Rab8 18. Bf3+ Kc7 19. Rh5 f5 20. g4 g6
21. Rhh1 b4 22. Na4 Be7 23. gxf5 gxf5 24. Rh6 bxa3 25. Rxe6 Bg5 26. bxa3 Rb3
27. Rd5 Nb7 28. Rxf5 Kd7 29. Bd5 Be7 30. Ra6 Rb8 31. Be6+ Ke8 32. Bf7+ Kd8 33.
Rd5+ Kc7 34. Be6 Bd6 35. Rf5 Re8 36. Bd5 Bxa3+ 37. Kc2 Kb8 38. Bxc4 Rb4 39. Rf4
Rc8 40. Kd3 Rxa4 41. Rxa4 Nc5+ 42. Ke2 Nxa4 43. Ba6 Rc2+ 44. Kf3 Nc5 45. Rf8+
Kc7 46. Rf7+ Kd6 47. Be2 Ne6 48. Rxa7 Rc3 49. Ra6+ Ke7 50. Kg3 Rc2 51. Kf3 Kf6
1-0

[Event "Scarborough CC LH Summer op"]
[Site "Toronto CAN"]
[Date "2010.05.20"]
[Round "3"]
[White "Rutherdale, William"]
[Black "Armstrong, Robert J"]
[Result "1/2-1/2"]
[WhiteElo "1756"]
[BlackElo "1764"]
[PlyCount "76"]
[EventDate "2010.04.29"]
[EventType "swiss"]
[EventRounds "8"]
[EventCountry "CAN"]

1. d4 g6 2. c4 Bg7 3. e4 d6 4. Nf3 Nf6 5. Nc3 O-O 6. Be2 Nc6 7. O-O e5 8. d5
Ne7 9. Be3 Nd7 10. Nd2 f5 11. f3 f4 12. Bf2 g5 13. b4 a5 14. a3 axb4 15. axb4
Rxa1 16. Qxa1 Nf6 17. Qa8 c6 18. Ra1 cxd5 19. cxd5 Qc7 20. Qa3 g4 21. Rc1 Ng6
22. Nb5 Qd8 23. Rc7 Ne8 24. Rc2 h5 25. Qa8 Ne7 26. Na7 Nf6 27. Nxc8 Nxc8 28.
Qxb7 Bh6 29. Rc7 g3 30. hxg3 fxg3 31. Bxg3 Bxd2 32. Ba6 Be3+ 33. Bf2 Bxf2+ 34.
Kxf2 Nxe4+ 35. Kg1 Qg5 36. fxe4 Qe3+ 37. Kh2 Qf4+ 38. Kg1 Qf2+ 1/2-1/2

[Event "Scarborough CC LH Summer op"]
[Site "Toronto CAN"]
[Date "2010.05.20"]
[Round "3"]
[White "Song, Michael"]
[Black "Yusuf, Magas"]
[Result "0-1"]
[WhiteElo "1927"]
[BlackElo "1820"]
[PlyCount "68"]
[EventDate "2010.04.29"]
[EventType "swiss"]
[EventRounds "8"]
[EventCountry "CAN"]

1. d4 d5 2. c4 c6 3. Nf3 Nf6 4. Nc3 e6 5. Bg5 Be7 6. a4 Nbd7 7. e3 O-O 8. Bd3
Re8 9. O-O Qb6 10. Qc2 dxc4 11. Bxc4 h6 12. Bh4 Nd5 13. Bxe7 Rxe7 14. Nxd5 cxd5
15. Ba2 Nf6 16. Rac1 Bd7 17. b3 Rc8 18. Qd3 Bc6 19. Bb1 Rec7 20. Ne5 Qb4 21. f3
Be8 22. Rxc7 Rxc7 23. Ng4 Rc3 24. Nxf6+ gxf6 25. Qh7+ Kf8 26. Qxh6+ Ke7 27. h4
Rxb3 28. h5 Rxb1 29. Qg7 Rxf1+ 30. Kxf1 Bxa4 31. g4 Qb1+ 32. Kf2 Qc2+ 33. Kg3
Qc1 34. Kf4 Qc7# 0-1

[Event "Scarborough CC LH Summer op"]
[Site "Toronto CAN"]
[Date "2010.05.20"]
[Round "3"]
[White "Southam, David"]
[Black "Moffat, Andrei"]
[Result "1/2-1/2"]
[WhiteElo "2119"]
[BlackElo "2289"]
[PlyCount "110"]
[EventDate "2010.04.29"]
[EventType "swiss"]
[EventRounds "8"]
[EventCountry "CAN"]

1. c4 f5 2. d4 g6 3. g3 Bg7 4. Bg2 Nf6 5. Nh3 O-O 6. Nf4 c6 7. Nc3 d6 8. d5 Qa5
9. O-O Ng4 10. Bd2 Ne5 11. Na4 Qc7 12. Rc1 c5 13. b3 Bd7 14. Nc3 Na6 15. e4 Qc8
16. exf5 Bxf5 17. Nb5 Bg4 18. f3 Bd7 19. Bc3 Nc7 20. Nxc7 Qxc7 21. Nd3 Nxd3 22.
Qxd3 Rf7 23. Rfe1 Raf8 24. Bxg7 Rxg7 25. Re3 Rff7 26. Rce1 Bc8 27. Qf1 Qd7 28.
Re6 Qd8 29. Bh3 Bxe6 30. Bxe6 Kh8 31. Bxf7 Rxf7 32. Qe2 Kg8 33. f4 Qd7 34. Qd3
Rf6 35. Re4 Kf7 36. Kg2 Kf8 37. Qe2 a6 38. h4 Qe8 39. g4 Qf7 40. Kg3 Ke8 41. a3
Kf8 42. Qb2 Kg8 43. b4 b5 44. Qe2 bxc4 45. Qxc4 cxb4 46. axb4 h5 47. g5 Rf5 48.
Re6 Kg7 49. Qd4+ Kg8 50. Kf3 Qe8 51. Qe4 Qf7 52. Qc4 Qe8 53. Qe4 Qf7 54. Kg3
Kg7 55. Qd4+ Kg8 1/2-1/2

[Event "Scarborough CC LH Summer op"]
[Site "Toronto CAN"]
[Date "2010.05.20"]
[Round "3"]
[White "Ugodnikov, Arkadiy"]
[Black "Luiting, Larry"]
[Result "1-0"]
[WhiteElo "1852"]
[BlackElo "1653"]
[PlyCount "86"]
[EventDate "2010.04.29"]
[EventType "swiss"]
[EventRounds "8"]
[EventCountry "CAN"]

1. e4 d5 2. exd5 c6 3. dxc6 Nxc6 4. Nf3 e5 5. Bb5 Bd6 6. Nc3 Nf6 7. d4 e4 8.
Ne5 Bxe5 9. dxe5 Qxd1+ 10. Nxd1 Nd5 11. Ne3 Nxe3 12. Bxe3 O-O 13. Bxc6 bxc6 14.
O-O Bg4 15. h3 Bh5 16. g4 Bg6 17. Rfd1 a6 18. Rd6 Rac8 19. c3 Rfe8 20. Bf4 h5
21. Rad1 hxg4 22. hxg4 Kf8 23. R1d4 Re7 24. Rc4 Rec7 25. Rb4 a5 26. Rb6 Re8 27.
Rbxc6 Rxc6 28. Rxc6 e3 29. Bxe3 Rxe5 30. Kf1 Be4 31. Rd6 Bf3 32. g5 Rd5 33.
Rxd5 Bxd5 34. Bc5+ Ke8 35. a4 Bb3 36. Bb6 Bxa4 37. Bxa5 Bb5+ 38. Ke1 Bc4 39.
Kd2 Kd7 40. Ke3 Ke6 41. Kd4 Bd5 42. c4 Bc6 43. Kc5 Bf3 1-0

[Event "Scarborough CC LH Summer op"]
[Site "Toronto CAN"]
[Date "2010.05.20"]
[Round "3"]
[White "Wu, Kevin"]
[Black "Huston, Scott"]
[Result "1-0"]
[WhiteElo "1920"]
[BlackElo "1668"]
[PlyCount "87"]
[EventDate "2010.04.29"]
[EventType "swiss"]
[EventRounds "8"]
[EventCountry "CAN"]

1. e4 c5 2. Nf3 d6 3. d4 cxd4 4. Nxd4 Nf6 5. Nc3 a6 6. Bg5 e5 7. Nb3 Be6 8. Nd5
Bxd5 9. Bxf6 Qxf6 10. Qxd5 Nc6 11. Be2 Be7 12. O-O O-O 13. c3 Bd8 14. Rad1 Bc7
15. Bc4 Rac8 16. Bxa6 Nb4 17. Qxb7 Nxa6 18. Qxa6 Ra8 19. Qc6 Qe7 20. a3 Rab8
21. Qc4 Rfc8 22. Rd2 Qg5 23. Rfd1 Qg4 24. Qd5 h5 25. Nc1 h4 26. Qd3 Bd8 27. h3
Qh5 28. Qxd6 Bg5 29. Qxe5 Re8 30. Qa5 Ra8 31. Qb5 Rab8 32. Qe2 Qh6 33. Rd6 Bf6
34. Nd3 Qg5 35. Rd5 Qg6 36. e5 Bd8 37. Nf4 Qf5 38. Qf3 Qc2 39. e6 f6 40. Rd7
Be7 41. Nd5 Bc5 42. b4 Bxf2+ 43. Kh1 Rxe6 44. Ne7+ 1-0

[Event "Scarborough CC LH Summer op"]
[Site "Toronto CAN"]
[Date "2010.05.20"]
[Round "3"]
[White "Xie, Peter"]
[Black "Moysoski, Randy"]
[Result "1/2-1/2"]
[WhiteElo "1584"]
[BlackElo "1955"]
[PlyCount "37"]
[EventDate "2010.04.29"]
[EventType "swiss"]
[EventRounds "8"]
[EventCountry "CAN"]

1. e4 d5 2. exd5 Nf6 3. Nf3 Qxd5 4. Nc3 Qa5 5. Bc4 Bg4 6. O-O Nbd7 7. d4 c6 8.
h3 Bh5 9. Bf4 e6 10. Re1 O-O-O 11. a3 Qf5 12. Qd2 Bxf3 13. gxf3 g5 14. Bh2 Nh5
15. Nb5 Nf4 16. Bd3 Qxh3 17. Bf1 Qf5 18. Bd3 Qh3 19. Bf1 1/2-1/2